New Retail (Record no. 40215)
[ view plain ]
| 000 -LEADER | |
|---|---|
| fixed length control field | 004110000a22001690004500 |
| 003 - CONTROL NUMBER IDENTIFIER | |
| control field | MACL |
| 005 - DATE AND TIME OF LATEST TRANSACTION | |
| control field | 20151219133330.0 |
| 008 - FIXED-LENGTH DATA ELEMENTS--GENERAL INFORMATION | |
| fixed length control field | 151219b xxu||||| |||| 00| 0 eng d |
| 040 ## - CATALOGING SOURCE | |
| Original cataloging agency | MACL |
| Transcribing agency | MACL |
| 041 ## - LANGUAGE CODE | |
| Language code of text/sound track or separate title | English |
| 082 ## - DEWEY DECIMAL CLASSIFICATION NUMBER | |
| Classification number | 381.1/DIN |
| 100 ## - MAIN ENTRY--PERSONAL NAME | |
| Personal name | Din, Rasshied |
| 9 (RLIN) | 21342 |
| 245 ## - TITLE STATEMENT | |
| Title | New Retail |
| 260 ## - PUBLICATION, DISTRIBUTION, ETC. (IMPRINT) | |
| Name of publisher, distributor, etc. | Conran Octopus Ltd |
| Date of publication, distribution, etc. | 2000 |
| 650 ## - SUBJECT ADDED ENTRY--TOPICAL TERM | |
| Topical term or geographic name as entry element | Internal Commerce |
| 9 (RLIN) | 4336 |
| 942 ## - ADDED ENTRY ELEMENTS (KOHA) | |
| Koha item type | Books |
| Call number prefix | 381.1/DIN |
| Source of classification or shelving scheme | |
| Withdrawn status | Lost status | Source of classification or shelving scheme | Damaged status | Not for loan | Home library | Current library | Date acquired | Full call number | Barcode | Date last seen | Uniform Resource Identifier | Price effective from | Koha item type |
|---|---|---|---|---|---|---|---|---|---|---|---|---|---|
| MACL | MACL | 15/04/2015 | 381.1/DIN | CRB003097 | 29/04/2015 | 40461 | 15/04/2015 | Books |









